[Event "DVM U12 2010"]
[Site "Templin OT Groß Dölln GER"]
[Date "2010.12.27"]
[Round "1"]
[White "Poghosyan, Tigran"]
[Black "Baskin, Robert"]
[Result "1/2-1/2"]
[Termination "normal"]
[Board "1.1"]
[WhiteElo "1542"]
[BlackElo "1891"]
[WhiteTeam "Lübecker SV"]
[BlackTeam "Makkabi Frankfurt"]
[WhiteFideId "12909319"]
[BlackFideId "24662402"]
[EventCountry "GER"]
[EventRounds "7"]
[EventType "team-swiss"]
[EventDate "2010.12.26"]

1. e4 c5 2. Nf3 a6 3. c4 e6 4. d4 cxd4 5. Nxd4 Nf6 6. Nc3 d6 7. Be3 Be7 8. Be2
b6 9. Bf3 Ra7 10. O-O O-O 11. Qb3 Qc7 12. Ndb5 axb5 13. Nxb5 Qd7 14. Nxa7 Qxa7
15. Bxb6 Qa6 16. Bc7 Nc6 17. Rfd1 Ne5 18. Rac1 Bb7 19. Qb4 Bxe4 20. Bxe4 Nxe4
21. f3 Nc5 22. Qb5 Qxa2 23. Bxd6 Bxd6 24. Rxd6 Ned3 25. Rd1 Qa7 26. Qb6 Qxb6
27. Rxb6 Ne5 28. Rb5 Ncd3 29. f4 Nxb2 30. Rxb2 Nxc4 31. Rb4 Ne3 1/2-1/2

[Event "DVM U12 2010"]
[Site "Templin OT Groß Dölln GER"]
[Date "2010.12.27"]
[Round "1"]
[White "Mager, Denis"]
[Black "Kololli, Kevin"]
[Result "1-0"]
[Termination "normal"]
[Board "1.2"]
[WhiteElo "1681"]
[BlackElo "1324"]
[WhiteTeam "Makkabi Frankfurt"]
[BlackTeam "Lübecker SV"]
[WhiteFideId "24691127"]
[BlackFideId "12936863"]
[EventCountry "GER"]
[EventRounds "7"]
[EventType "team-swiss"]
[EventDate "2010.12.26"]

1. d4 Nf6 2. c4 c5 3. e3 Nc6 4. Nf3 e6 5. Nc3 d5 6. Be2 Be7 7. O-O O-O 8. Re1
b6 9. b3 Bb7 10. Ba3 cxd4 11. Bxe7 Qxe7 12. exd4 Rfd8 13. Bd3 Rd7 14. Ne5 Nxe5
15. dxe5 Ne8 16. cxd5 exd5 17. Bf5 Rdd8 18. Qd4 Bc6 19. Rac1 Nc7 20. Re3 Ne6
21. Bxe6 fxe6 22. Rh3 Qg5 23. f4 Qf5 24. Rf3 Rac8 25. h3 h5 26. Kh2 Rf8 27. Rg1
h4 28. g4 Qg6 29. f5 Qe8 30. Rgf1 exf5 31. gxf5 Qd7 32. Qxh4 Qb7 33. Qd4 Rce8
34. Rg3 Re6 35. f6 Rf7 36. Rfg1 1-0

[Event "DVM U12 2010"]
[Site "Templin OT Groß Dölln GER"]
[Date "2010.12.27"]
[Round "1"]
[White "Kololli, Martin"]
[Black "Greif, Gavin"]
[Result "1-0"]
[Termination "normal"]
[Board "1.3"]
[WhiteElo "1431"]
[BlackElo "1713"]
[WhiteTeam "Lübecker SV"]
[BlackTeam "Makkabi Frankfurt"]
[WhiteFideId "12936910"]
[BlackFideId "24662429"]
[EventCountry "GER"]
[EventRounds "7"]
[EventType "team-swiss"]
[EventDate "2010.12.26"]

1. e4 e5 2. Nf3 Nc6 3. Bc4 Nf6 4. d3 Be7 5. c3 O-O 6. O-O d5 7. exd5 Nxd5 8.
Re1 Nb6 9. Bb3 Bd6 10. Be3 Bg4 11. Nbd2 Kh8 12. Ne4 Be7 13. Bc5 Nd7 14. Bxe7
Qxe7 15. h3 Bh5 16. Ng3 Bg6 17. d4 Qf6 18. dxe5 Ndxe5 19. Nxe5 Nxe5 20. Qd4
Rfe8 21. f4 Nd3 22. Rxe8+ Rxe8 23. Qxf6 gxf6 24. f5 Nxb2 25. fxg6 fxg6 26. Rb1
Nd3 27. Ba4 Re3 28. Nf1 Re4 29. Bc2 Re2 30. Bxd3 Rxa2 31. Rxb7 a5 32. Rxc7 a4
33. Ra7 a3 34. Bc4 Ra1 35. Kf2 f5 36. Ne3 h6 37. Nc2 Rc1 38. Bd3 Rd1 39. Ke2
Rg1 40. Ne1 a2 41. Rxa2 Kg7 42. Kf2 Rh1 43. Ra1 h5 44. Nc2 Rxa1 45. Nxa1 1-0

[Event "DVM U12 2010"]
[Site "Templin OT Groß Dölln GER"]
[Date "2010.12.27"]
[Round "1"]
[White "Paulsen, Alexej"]
[Black "Tiedemann, Fin Niklas"]
[Result "1-0"]
[Termination "normal"]
[Board "1.4"]
[WhiteElo "1559"]
[BlackElo "1234"]
[WhiteTeam "Makkabi Frankfurt"]
[BlackTeam "Lübecker SV"]
[WhiteFideId "24662372"]
[BlackFideId "12936936"]
[EventCountry "GER"]
[EventRounds "7"]
[EventType "team-swiss"]
[EventDate "2010.12.26"]

1. e4 e5 2. Nf3 Nc6 3. Bb5 Nf6 4. d3 Bc5 5. O-O d6 6. c3 O-O 7. Bg5 h6 8. Bh4
Bg4 9. Nbd2 Qe7 10. h3 Bh5 11. a4 a6 12. Bc4 Rad8 13. b4 Bb6 14. Bb3 Rfe8 15.
Nc4 Ba7 16. b5 Nb8 17. Ne3 Bxe3 18. fxe3 a5 19. Qe1 Kh8 20. Qf2 Nbd7 21. Bd5
Rb8 22. Nd2 Rg8 23. g4 g5 24. Bg3 Bg6 25. Bc4 Rbf8 26. Nb3 b6 27. Kg2 Rg7 28.
Nd2 Rgg8 29. Rh1 Bh7 30. Nf1 Nxe4 31. dxe4 Bxe4+ 32. Kg1 Bxh1 33. Kxh1 Nf6 34.
Qf5 Rg6 35. e4 Nd7 36. Qf3 Nc5 37. Ne3 Qf6 38. Qg2 Qg7 39. Nf5 Qf6 40. Rf1 Qd8
41. Qc2 f6 42. Bd5 Qe8 43. Bc6 Qd8 44. Bf2 Ne6 45. Be3 Ng7 46. Ng3 Ne6 47. Qb3
Ng7 48. Qc4 Qe7 49. Kg2 Kh7 {=} 50. Rf3 Kh8 51. Qf1 Kh7 52. Qh1 Ne6 53. Nf5 Qe8
54. h4 Nf4+ 55. Bxf4 gxf4 56. Kh3 Qe7 57. c4 Qd8 58. Qd1 Qb8 59. Bd5 Qd8 60.
Rf2 Qe8 61. Rg2 Kh8 62. h5 Rg5 63. Nxh6 Qd7 64. Nf5 Qh7 65. Be6 Re8 66. Qd5 Re7
67. Qa8+ 1-0

[Event "DVM U12 2010"]
[Site "Templin OT Groß Dölln GER"]
[Date "2010.12.27"]
[Round "1"]
[White "Gungl, Theo"]
[Black "Birnkraut, Tim"]
[Result "1/2-1/2"]
[Termination "normal"]
[Board "2.1"]
[WhiteElo "1735"]
[BlackElo "1686"]
[WhiteTeam "USV TU Dresden"]
[BlackTeam "SF Brackel"]
[WhiteFideId "24695653"]
[BlackFideId "24609587"]
[EventCountry "GER"]
[EventRounds "7"]
[EventType "team-swiss"]
[EventDate "2010.12.26"]

1. e4 e5 2. Nf3 Nc6 3. Bb5 a6 4. Ba4 Nf6 5. Nc3 b5 6. Bb3 Be7 7. d3 O-O 8. O-O
d6 9. Nd5 Bb7 10. Nxe7+ Nxe7 11. Bg5 Ng6 12. Nh4 c5 13. Qf3 Bc8 14. Nxg6 hxg6
15. Bxf6 Qxf6 16. Qxf6 gxf6 17. Bd5 Rb8 18. f4 Be6 19. Bxe6 fxe6 20. fxe5 dxe5
21. Rf3 Kg7 22. Rd1 Rbd8 23. Kf2 Rd7 24. Ke2 a5 25. Rdf1 Re7 26. g4 b4 27. b3
Ra7 28. h4 Raf7 29. h5 Rh8 30. g5 Rxh5 31. gxf6+ Kf8 32. Rg3 Rh2+ 33. Kd1 Rh6
34. Rg5 Rc7 35. Rxe5 Kf7 36. Rg5 Rc6 37. e5 Rc8 38. Rg4 Rd8 39. Re1 Rh5 40. Kc1
Rd5 41. Rge4 Rf5 42. Kb2 Rh5 43. a3 Rh2 44. R1e2 Rh8 45. a4 Rh5 46. Kc1 Rh8 47.
Kd1 Rh3 48. Ke1 Rh1+ 49. Kf2 Rh5 50. Kg3 Rf5 51. Kg4 Kg8 1/2-1/2

[Event "DVM U12 2010"]
[Site "Templin OT Groß Dölln GER"]
[Date "2010.12.27"]
[Round "1"]
[White "Wastian, Jan"]
[Black "Schamschurko, André"]
[Result "0-1"]
[Termination "normal"]
[Board "2.2"]
[WhiteElo "1409"]
[BlackElo "1738"]
[WhiteTeam "SF Brackel"]
[BlackTeam "USV TU Dresden"]
[WhiteFideId "12911640"]
[BlackFideId "24695670"]
[EventCountry "GER"]
[EventRounds "7"]
[EventType "team-swiss"]
[EventDate "2010.12.26"]

1. e4 e6 2. d4 d5 3. e5 c5 4. c3 Nc6 5. Nf3 Qb6 6. a3 cxd4 7. cxd4 Nge7 8. b4
Nf5 9. Bb2 a5 10. b5 f6 11. Be2 Be7 12. O-O O-O 13. Qd2 Nd8 14. Nc3 Nf7 15.
Rac1 fxe5 16. Na4 Qd8 17. dxe5 b6 18. Rc2 Bd7 19. Rfc1 Ng5 20. Nxg5 Bxg5 21. f4
Be7 22. Rc7 Rb8 23. Bd3 Qe8 24. Nc3 Bc5+ 25. Kh1 Be3 26. Qd1 Bxc1 27. Qxc1 Rc8
28. Rxc8 Qxc8 29. a4 Qb7 30. Qd2 d4 31. Ne4 Qd5 32. Kg1 Ne3 33. g3 h6 34. h4
Be8 35. Ba3 Rf7 36. Nd6 Re7 37. Nc4 Nxc4 38. Bxc4 Qxc4 39. Bxe7 Qxa4 40. Qd3
Bxb5 41. Qd2 Qa1+ 42. Kh2 Bc6 43. g4 Qh1+ 44. Kg3 b5 45. h5 Qg1+ 46. Kh4 Bf3
47. Kh3 Qxg4+ 48. Kh2 Qxh5+ 49. Kg3 Qg4+ 50. Kh2 h5 51. Qa2 h4 52. f5 Qg3# 0-1

[Event "DVM U12 2010"]
[Site "Templin OT Groß Dölln GER"]
[Date "2010.12.27"]
[Round "1"]
[White "Birkenheuer, Simon"]
[Black "Seibert, David"]
[Result "1-0"]
[Termination "normal"]
[Board "2.3"]
[WhiteElo "1486"]
[BlackElo "1106"]
[WhiteTeam "USV TU Dresden"]
[BlackTeam "SF Brackel"]
[WhiteFideId "12964786"]
[BlackFideId "12945641"]
[EventCountry "GER"]
[EventRounds "7"]
[EventType "team-swiss"]
[EventDate "2010.12.26"]

1. e4 e6 2. d4 d5 3. e5 c5 4. c3 Nc6 5. Nf3 Qb6 6. a3 c4 7. Nbd2 Bd7 8. Rb1
O-O-O 9. b3 Qa5 10. Qc2 Bxa3 11. Ra1 cxb3 12. Qxb3 Qb6 13. Qxb6 axb6 14. Bxa3
Na5 15. Bd3 Nh6 16. O-O Nf5 17. Rab1 Nc6 18. Rxb6 f6 19. exf6 gxf6 20. Bxf5
exf5 21. Rfb1 Na5 22. Rxf6 Rde8 23. Ne5 Be6 24. Rb6 Nc6 25. Nxc6 bxc6 26. Rxc6+
Kd7 27. Rd6+ Kc7 28. Rfxe6 Ra8 29. Re7+ Kc8 30. Bb4 Ra1+ 31. Nf1 Rg8 32. Rxd5
Rd8 33. Rxd8+ Kxd8 34. Rxh7 f4 35. Re7 Rd1 36. h4 Rb1 37. h5 Rd1 38. h6 Rd3 39.
h7 1-0

[Event "DVM U12 2010"]
[Site "Templin OT Groß Dölln GER"]
[Date "2010.12.27"]
[Round "1"]
[White "Wendland, Tobias"]
[Black "Müller, Constantin"]
[Result "0-1"]
[Termination "normal"]
[Board "3.1"]
[WhiteElo "1621"]
[BlackElo "1874"]
[WhiteTeam "SV Backnang"]
[BlackTeam "SK München Südost"]
[WhiteFideId "24662267"]
[BlackFideId "24697630"]
[EventCountry "GER"]
[EventRounds "7"]
[EventType "team-swiss"]
[EventDate "2010.12.26"]

1. d4 d5 2. c4 c6 3. Nc3 Nf6 4. Nf3 a6 5. Bf4 dxc4 6. a4 Nd5 7. Bg3 e6 8. e4
Nxc3 9. bxc3 b5 10. Bh4 Be7 11. Bxe7 Qxe7 12. g3 O-O 13. Bg2 Bb7 14. O-O Nd7
15. Re1 Rfd8 16. Qc2 Qd6 17. Ng5 Qe7 18. Qd2 Nc5 19. a5 h6 20. Nf3 Nb3 21. Qe3
Nxa1 22. Rxa1 c5 23. Rd1 cxd4 24. cxd4 Rac8 25. Bh3 Rc7 26. Ne5 Qd6 27. Bg2
Qxe5 28. dxe5 Rxd1+ 29. Bf1 Rcd7 30. Kg2 R7d4 31. Be2 R1d2 32. Bf3 b4 33. Qe1
c3 34. Qc1 Bxe4 35. Bxe4 Rxe4 36. Qb1 Red4 37. h4 c2 38. Qc1 b3 39. Qb2 Rd1 0-1

[Event "DVM U12 2010"]
[Site "Templin OT Groß Dölln GER"]
[Date "2010.12.27"]
[Round "1"]
[White "Bergauz, Noam"]
[Black "Zouani, Samir"]
[Result "0-1"]
[Termination "normal"]
[Board "3.2"]
[WhiteElo "1361"]
[BlackElo "1263"]
[WhiteTeam "SK München Südost"]
[BlackTeam "SV Backnang"]
[WhiteFideId "12938033"]
[BlackFideId "12946206"]
[EventCountry "GER"]
[EventRounds "7"]
[EventType "team-swiss"]
[EventDate "2010.12.26"]

1. e4 e5 2. Nf3 Nc6 3. d4 exd4 4. Bc4 h6 5. O-O Bc5 6. c3 dxc3 7. Bxf7+ Kxf7 8.
Qd5+ Ke8 9. Qxc5 cxb2 10. Bxb2 Nf6 11. e5 d6 12. Qc2 dxe5 13. Qg6+ Kf8 14. Nxe5
Nxe5 15. Bxe5 Qe8 16. Re1 Qxg6 0-1

[Event "DVM U12 2010"]
[Site "Templin OT Groß Dölln GER"]
[Date "2010.12.27"]
[Round "1"]
[White "Rausch, Adrian"]
[Black "Theilig, Franz"]
[Result "1/2-1/2"]
[Termination "normal"]
[Board "3.3"]
[WhiteElo "1326"]
[BlackElo "1290"]
[WhiteTeam "SV Backnang"]
[BlackTeam "SK München Südost"]
[WhiteFideId "12929069"]
[EventCountry "GER"]
[EventRounds "7"]
[EventType "team-swiss"]
[EventDate "2010.12.26"]

1. d4 d5 2. c4 Nf6 3. Nc3 e6 4. cxd5 Nxd5 5. e4 Nxc3 6. bxc3 Be7 7. Bc4 O-O 8.
Ne2 c5 9. O-O Nc6 10. Be3 b6 11. f3 Bb7 12. Qd2 Qd7 13. Rad1 Rad8 14. Bb5
1/2-1/2

[Event "DVM U12 2010"]
[Site "Templin OT Groß Dölln GER"]
[Date "2010.12.27"]
[Round "1"]
[White "Leeb, Simon"]
[Black "Soos, Philipp"]
[Result "1/2-1/2"]
[Termination "normal"]
[Board "3.4"]
[WhiteElo "1235"]
[BlackElo "1107"]
[WhiteTeam "SK München Südost"]
[BlackTeam "SV Backnang"]
[WhiteFideId "12924768"]
[BlackFideId "12943967"]
[EventCountry "GER"]
[EventRounds "7"]
[EventType "team-swiss"]
[EventDate "2010.12.26"]

1. c4 e5 2. Nc3 Nf6 3. g3 c6 4. Bg2 d5 5. cxd5 cxd5 6. e3 Be6 7. d4 e4 8. Nge2
Bd6 9. Qb3 b6 10. O-O O-O 11. Bd2 Nc6 12. Rac1 Rc8 13. Nb5 Re8 14. Nxd6 Qxd6
15. Nf4 Rf8 16. Bh3 Qd7 17. Nxe6 fxe6 18. Qd1 Qf7 19. Qa4 Nb8 20. Bb4 Rfd8 21.
Bd2 Rf8 22. Rc3 g6 23. Qc2 Qd7 24. Rc1 Rxc3 25. Qxc3 Na6 26. Qa3 Nb8 27. Qc3
Na6 28. Qc6 Re8 29. Qxd7 Nxd7 30. Rc6 Nf8 31. Bf1 Nb8 32. Rc7 a5 33. Rb7 Nbd7
1/2-1/2

[Event "DVM U12 2010"]
[Site "Templin OT Groß Dölln GER"]
[Date "2010.12.27"]
[Round "1"]
[White "Laubrock, Paul"]
[Black "Röhlich, Philipp"]
[Result "1-0"]
[Termination "normal"]
[Board "4.2"]
[WhiteElo "1377"]
[BlackElo "1711"]
[WhiteTeam "Hagener SV"]
[BlackTeam "SG Trier"]
[WhiteFideId "1270509"]
[BlackFideId "24692832"]
[EventCountry "GER"]
[EventRounds "7"]
[EventType "team-swiss"]
[EventDate "2010.12.26"]

1. d4 Nf6 2. f3 g6 3. Bf4 Bg7 4. Qd2 d6 5. e4 Nbd7 6. Nc3 O-O 7. Bh6 c5 8. Nge2
Qb6 9. O-O-O a6 10. g4 Kh8 11. h4 Bxh6 12. Qxh6 Ng8 13. Qe3 Qa5 14. h5 b5 15.
hxg6 fxg6 16. Nf4 Rxf4 17. Qxf4 Bb7 18. Qf7 Ngf6 19. g5 Nh5 20. Bh3 cxd4 21.
Rxd4 Ng3 22. Bxd7 Nxh1 23. Be8 h5 24. gxh6 1-0

[Event "DVM U12 2010"]
[Site "Templin OT Groß Dölln GER"]
[Date "2010.12.27"]
[Round "1"]
[White "Bauer, Lukas"]
[Black "Balazs, Balint"]
[Result "1/2-1/2"]
[Termination "normal"]
[Board "4.3"]
[WhiteElo "1571"]
[BlackElo "1300"]
[WhiteTeam "SG Trier"]
[BlackTeam "Hagener SV"]
[WhiteFideId "12907715"]
[BlackFideId "12922757"]
[EventCountry "GER"]
[EventRounds "7"]
[EventType "team-swiss"]
[EventDate "2010.12.26"]

1. e4 d5 2. exd5 Qxd5 3. Nc3 Qa5 4. d4 Nf6 5. Be3 Bf5 6. Bc4 e6 7. Nge2 Nbd7 8.
O-O Bd6 9. h3 c6 10. Bf4 Bxf4 11. Nxf4 Qc7 12. Nfe2 O-O 13. Ng3 Bg6 14. Re1
Rfe8 15. Qd2 Rad8 16. Nce2 Nb6 17. Bb3 c5 18. Qc3 c4 19. a3 Nfd5 20. Qf3 cxb3
21. cxb3 Qe7 22. Rac1 Rc8 23. Nc3 Qd7 24. Nge4 Nxc3 25. bxc3 Bxe4 26. Qxe4 Qd5
27. c4 Qxe4 28. Rxe4 f6 29. Rce1 Kf7 30. Kf1 Rcd8 31. Rd1 Nd7 32. f3 f5 33. Re3
Nf6 34. Kf2 b5 35. Re5 bxc4 36. bxc4 Rc8 37. Ra5 Re7 38. d5 Rxc4 39. dxe6+ Ke8
40. Rb5 Rxe6 41. Rxf5 Rc3 42. a4 Ra3 43. Rd4 Ra2+ 44. Kg3 Ree2 45. Ra5 Re7 46.
Rb4 Kf7 47. Rbb5 g6 48. Ra6 Rc2 49. Rba5 Rcc7 50. Kh4 Rc4+ 51. g4 Rcc7 52. Kg5
Ng8 53. f4 h6+ 54. Kh4 Red7 55. Re5 Ne7 56. Ree6 Rc4 57. Rf6+ Kg7 58. Rae6 Rxa4
59. f5 g5+ 60. Kh5 Ra3 61. Rxh6 Rxh3+ 62. Kxg5 Rxh6 63. Rxh6 a5 64. Ra6 Rd5 65.
Kf4 Rb5 66. f6+ Kf7 67. fxe7 Kxe7 68. Ke3 Rg5 69. Kd3 Kd7 70. Kc3 Kc7 71. Kb3
Kb7 72. Rf6 Rxg4 73. Ka3 1/2-1/2

[Event "DVM U12 2010"]
[Site "Templin OT Groß Dölln GER"]
[Date "2010.12.27"]
[Round "1"]
[White "Hoppe, Andreas"]
[Black "Bach, Marc-Andre"]
[Result "0-1"]
[Termination "normal"]
[Board "4.4"]
[WhiteElo "1193"]
[BlackElo "1682"]
[WhiteTeam "Hagener SV"]
[BlackTeam "SG Trier"]
[WhiteFideId "12922811"]
[BlackFideId "1270773"]
[EventCountry "GER"]
[EventRounds "7"]
[EventType "team-swiss"]
[EventDate "2010.12.26"]

1. d4 Nf6 2. Bf4 d5 3. Nc3 Bf5 4. e3 e6 5. Bd3 Bg6 6. Nge2 Nbd7 7. Bxg6 fxg6 8.
Qd2 Bb4 9. f3 O-O 10. O-O-O Nb6 11. g4 Nc4 12. Qe1 Qe7 13. b3 Ba3+ 14. Kb1 a5
15. Na4 Nd6 16. Bxd6 Qxd6 17. Nec3 Bb4 18. Nb5 Qc6 { Ab hier kann der
Partieverlauf nicht mehr sicher nachvollzogen werden.} 19. Qe2 0-1

[Event "DVM U12 2010"]
[Site "Templin OT Groß Dölln GER"]
[Date "2010.12.27"]
[Round "1"]
[White "Scheinhütte, Jakob"]
[Black "Dürr, Florian"]
[Result "0-1"]
[Termination "normal"]
[Board "5.1"]
[WhiteElo "1587"]
[BlackElo "1809"]
[WhiteTeam "SV Empor Berlin"]
[BlackTeam "SC Erlangen"]
[WhiteFideId "24693944"]
[BlackFideId "24659134"]
[EventCountry "GER"]
[EventRounds "7"]
[EventType "team-swiss"]
[EventDate "2010.12.26"]

1. e4 e6 2. Nf3 d5 3. Nc3 Nf6 4. e5 Nfd7 5. d4 c5 6. dxc5 Bxc5 7. Bf4 Nc6 8.
Bd3 a6 9. O-O h6 10. Qe2 Qc7 11. Bg3 Nd4 12. Nxd4 Bxd4 13. Nxd5 Qa5 14. c3 Bxe5
15. Bxe5 Qxd5 16. Bxg7 Rg8 17. Be4 Qg5 18. Bd4 e5 19. Bf3 Kf8 20. Be3 Qg6 21.
Be4 f5 22. Qf3 Nf6 23. Bc5+ Kg7 24. Bc2 Kh7 25. Qg3 Qe8 26. Qh3 e4 27. Be3 f4
28. Qh4 Qg6 0-1

[Event "DVM U12 2010"]
[Site "Templin OT Groß Dölln GER"]
[Date "2010.12.27"]
[Round "1"]
[White "Wegmann, Sven"]
[Black "Schmid, Floyd"]
[Result "0-1"]
[Termination "time forfeit"]
[Board "5.2"]
[WhiteElo "1656"]
[BlackElo "1527"]
[WhiteTeam "SC Erlangen"]
[BlackTeam "SV Empor Berlin"]
[WhiteFideId "1270756"]
[BlackFideId "24686069"]
[EventCountry "GER"]
[EventRounds "7"]
[EventType "team-swiss"]
[EventDate "2010.12.26"]

1. e4 c5 2. Nf3 e6 3. d4 cxd4 4. Nxd4 a6 5. c4 Nf6 6. Nc3 Qc7 7. Be2 b6 8. Be3
Bb7 9. Qc2 d6 10. f4 Nbd7 11. O-O Be7 12. Rad1 O-O 13. h3 Rac8 14. b4 b5 15.
Rc1 bxc4 16. Nf3 Nb6 17. e5 dxe5 18. fxe5 Nfd5 19. Nxd5 Bxd5 20. a3 h6 21. Kh1
Nd7 22. Bd4 Qc6 23. Rf2 Rfd8 24. Nd2 Bg5 25. Rcf1 Bxd2 26. Qxd2 Rf8 27. Bh5 Kh8
28. Rg1 c3 29. Qc1 c2 30. Bxf7 Qc4 31. Bb2 Qh4 32. Rgf1 Qe4 0-1

[Event "DVM U12 2010"]
[Site "Templin OT Groß Dölln GER"]
[Date "2010.12.27"]
[Round "1"]
[White "Hertzfeldt, Leon"]
[Black "Wegmann, Simon"]
[Result "0-1"]
[Termination "normal"]
[Board "5.3"]
[WhiteElo "1349"]
[BlackElo "1394"]
[WhiteTeam "SV Empor Berlin"]
[BlackTeam "SC Erlangen"]
[BlackFideId "1270758"]
[EventCountry "GER"]
[EventRounds "7"]
[EventType "team-swiss"]
[EventDate "2010.12.26"]

1. e4 e5 2. Bc4 Nf6 3. d3 h6 4. Nf3 Nc6 5. c3 d6 6. O-O Be6 7. Bb3 d5 8. Bc2 d4
9. Ba4 Qd6 10. b4 a6 11. b5 axb5 12. Bxb5 Qc5 13. a4 dxc3 14. Qc2 Bd6 15. Nxc3
O-O 16. Rb1 Nd4 17. Qd2 Bg4 18. Ne1 Nh5 19. a5 Nf4 20. Na4 Nde2+ 21. Kh1 Qd4
22. Nc2 Qa7 23. Ne3 Bh5 24. Bc4 Qb8 25. g3 Bf3+ 26. Ng2 Bxg2# 0-1

[Event "DVM U12 2010"]
[Site "Templin OT Groß Dölln GER"]
[Date "2010.12.27"]
[Round "1"]
[White "Tong, Kevin"]
[Black "Henke, Georg"]
[Result "1-0"]
[Termination "normal"]
[Board "5.4"]
[WhiteElo "1407"]
[BlackElo "1430"]
[WhiteTeam "SC Erlangen"]
[BlackTeam "SV Empor Berlin"]
[WhiteFideId "12913944"]
[BlackFideId "24693936"]
[EventCountry "GER"]
[EventRounds "7"]
[EventType "team-swiss"]
[EventDate "2010.12.26"]

1. e4 c5 2. Nf3 d6 3. d4 cxd4 4. Nxd4 Nf6 5. Nc3 g6 6. f4 Bg7 7. e5 dxe5 8.
fxe5 Ng4 9. Bb5+ Nc6 10. Nxc6 Qb6 11. Qd4 Qxd4 12. Nxd4+ Kd8 13. Bf4 a6 14. Ba4
Nxe5 15. O-O-O Nd7 16. Nf3 f6 17. Rhe1 g5 18. Bg3 h5 19. Nd5 Bf8 20. Bc7+ Ke8
21. Nxf6+ Kf7 22. Nxd7 Bh6 23. Bb3+ Kg6 24. Re6+ Kh7 25. Rxe7+ Kg6 26. Rd6+ Kf5
27. Re5+ Kf4 28. Rd4# 1-0

[Event "DVM U12 2010"]
[Site "Templin OT Groß Dölln GER"]
[Date "2010.12.27"]
[Round "1"]
[White "Richter, Leonard"]
[Black "Ridder, David"]
[Result "1-0"]
[Termination "normal"]
[Board "6.1"]
[WhiteElo "1826"]
[BlackElo "1476"]
[WhiteTeam "BSG Chemie Leipzig"]
[BlackTeam "SG Turm Raesfeld/Erle"]
[WhiteFideId "12900290"]
[BlackFideId "12964867"]
[EventCountry "GER"]
[EventRounds "7"]
[EventType "team-swiss"]
[EventDate "2010.12.26"]

1. e4 e5 2. Nf3 Nc6 3. d4 exd4 4. Nxd4 Bc5 5. Nb3 Bb6 6. Nc3 d6 7. Bd3 Nf6 8.
Bg5 Be6 9. O-O Qd7 10. a4 a5 11. Bb5 Rg8 12. Nd5 Nxe4 13. Nxb6 cxb6 14. Be3 Nc5
15. Nd4 Kd8 16. c3 Kc7 17. b4 Ne4 18. Qc2 d5 19. Rfd1 Qe7 20. Bf4+ Nd6 21. Nxc6
bxc6 22. c4 Kd8 23. Bxc6 Rc8 24. Bxd5 Bxd5 25. Rxd5 Rxc4 26. Qxc4 1-0

[Event "DVM U12 2010"]
[Site "Templin OT Groß Dölln GER"]
[Date "2010.12.27"]
[Round "1"]
[White "Tünte, Marcel"]
[Black "Angrick, Philipp"]
[Result "0-1"]
[Termination "normal"]
[Board "6.2"]
[WhiteElo "1300"]
[BlackElo "1837"]
[WhiteTeam "SG Turm Raesfeld/Erle"]
[BlackTeam "BSG Chemie Leipzig"]
[WhiteFideId "12964875"]
[BlackFideId "12912298"]
[EventCountry "GER"]
[EventRounds "7"]
[EventType "team-swiss"]
[EventDate "2010.12.26"]

1. e4 c5 2. Nf3 Nc6 3. d4 cxd4 4. Nxd4 g6 5. Nc3 Bg7 6. Be3 Nf6 7. Bc4 O-O 8.
O-O Ng4 9. Bb3 Nxe3 10. fxe3 Qb6 11. Nd5 Qc5 12. c3 e6 13. Nf6+ Kh8 14. Qf3 Qg5
15. Rad1 Ne5 16. Qf4 Bh6 17. Rd2 Kg7 18. Kh1 Qxf4 19. exf4 Kxf6 20. fxe5+ Kxe5
21. Nf3+ Kf6 22. e5+ Ke7 23. Rd6 f5 24. Rfd1 Be3 25. Ba4 Rd8 26. R6d3 Bf4 27.
g3 Bh6 28. Nd4 Bg7 29. Kg1 Bxe5 30. Nxe6 Kxe6 31. Bb3+ Kf6 32. Re1 Re8 33. Rde3
Re7 34. Kg2 d6 35. Kf2 b6 36. Bd5 Bb7 37. Bxb7 Rxb7 38. Rd3 g5 39. Rh1 Re8 40.
Kf3 Rbe7 41. h4 h6 42. hxg5+ hxg5 43. Rh2 Kg6 44. Rf2 Rh8 45. a4 f4 46. g4 Rh3+
47. Ke4 Bxc3+ 0-1

[Event "DVM U12 2010"]
[Site "Templin OT Groß Dölln GER"]
[Date "2010.12.27"]
[Round "1"]
[White "Caprita, Victor"]
[Black "Beckmann, Klaus"]
[Result "0-1"]
[Termination "normal"]
[Board "6.3"]
[WhiteElo "1175"]
[BlackElo "1153"]
[WhiteTeam "BSG Chemie Leipzig"]
[BlackTeam "SG Turm Raesfeld/Erle"]
[WhiteFideId "12946125"]
[BlackFideId "12964905"]
[EventCountry "GER"]
[EventRounds "7"]
[EventType "team-swiss"]
[EventDate "2010.12.26"]

1. d4 d5 2. c4 dxc4 3. e4 e6 4. Bxc4 Bb4+ 5. Nc3 Bxc3+ 6. bxc3 Nf6 7. Qc2 Nc6
8. Nf3 O-O 9. Bg5 h6 10. Bh4 g5 11. Bg3 Nh5 12. Be5 Nxe5 13. Nxe5 Qd6 14. O-O
Bd7 15. Rab1 Rab8 16. h3 Rfc8 17. Ng4 Kg7 18. e5 Qc6 19. Bd3 Nf4 20. Be4 Qa4
21. Qxa4 Bxa4 22. Rxb7 Rxb7 23. Bxb7 Rb8 24. Bf3 Rb2 25. Ra1 Rc2 26. Bd1 Rxc3
27. Bxa4 Rd3 28. Bb3 Rxd4 29. Rc1 Ne2+ 30. Kh2 Nxc1 31. Bc2 Rd2 32. Ba4 Rxa2
33. Bc6 a5 {Partie nicht mehr nachvollziehbar.} 0-1

[Event "DVM U12 2010"]
[Site "Templin OT Groß Dölln GER"]
[Date "2010.12.27"]
[Round "1"]
[White "Hoffmann, Fabian"]
[Black "Halas, Julia"]
[Result "1-0"]
[Termination "normal"]
[Board "6.4"]
[WhiteElo "1262"]
[BlackElo "1191"]
[WhiteTeam "SG Turm Raesfeld/Erle"]
[BlackTeam "BSG Chemie Leipzig"]
[WhiteFideId "12964891"]
[BlackFideId "12931810"]
[EventCountry "GER"]
[EventRounds "7"]
[EventType "team-swiss"]
[EventDate "2010.12.26"]

1. c4 Nf6 2. d4 d5 3. c5 Nc6 4. Nf3 Bg4 5. Bf4 e6 6. Nc3 Be7 7. Ne5 Nxe5 8.
Bxe5 c6 9. h3 Bf5 10. e3 O-O 11. Bd3 Bxd3 12. Qxd3 b6 13. b4 a5 14. cxb6 Qxb6
15. bxa5 Qxa5 16. O-O Rac8 17. Rab1 c5 18. Rb5 Qa6 19. Rfb1 c4 20. Qc2 Rfe8 21.
Rb6 Qa7 22. Rb7 Qa5 23. Nb5 Qd8 24. Na7 Ra8 25. Bc7 Qd7 26. Be5 Qd8 27. Nc6 Qc8
28. Nxe7+ Rxe7 29. Rxe7 Nd7 30. Qb2 Nxe5 31. dxe5 h6 32. Rb7 c3 33. Qb3 c2 34.
Rc1 Qc4 35. Qxc4 dxc4 36. Rxc2 Rc8 37. Rb4 Rc5 38. f4 c3 39. Rb3 Rd5 40. Rbxc3
Rd7 41. a4 Ra7 42. Ra2 Kf8 43. Rb3 Ke7 44. a5 Kd7 45. a6 Kc6 46. Rc2+ Kd5 47.
Ra2 Kc6 48. Kf2 Kc7 49. Rb7+ Rxb7 50. axb7 Kxb7 51. g4 Kc6 52. Ra7 f6 53. Rxg7
fxe5 54. Rg6 exf4 55. exf4 Kd7 56. Rxh6 Ke7 57. f5 exf5 58. gxf5 Kf7 59. h4 Kg7
60. Ra6 Kf7 61. f6 Kf8 62. Ra7 Kg8 63. h5 Kf8 64. h6 Kg8 65. f7+ Kf8 66. h7 Kg7
67. h8=Q+ Kxh8 68. f8=R# 1-0